The Soaring Self : Iqbal's message to our age (selected translations, commentary and annotations) (Record no. 594839)
[ view plain ]
| 000 -LEADER | |
|---|---|
| fixed length control field | 00430nam a22001337a 4500 |
| 020 ## - INTERNATIONAL STANDARD BOOK NUMBER | |
| International Standard Book Number | 9789699257131 |
| 082 ## - DEWEY DECIMAL CLASSIFICATION NUMBER | |
| Classification number | 891.4393 |
| Author Mark | JAM |
| 100 ## - MAIN ENTRY--PERSONAL NAME | |
| Personal name | Jamil Asghar Jami |
| 245 ## - TITLE STATEMENT | |
| Title | The Soaring Self : Iqbal's message to our age (selected translations, commentary and annotations) |
| Statement of responsibility, etc. | Jamil Asghar Jami |
| 260 ## - PUBLICATION, DISTRIBUTION, ETC. | |
| Place of publication, distribution, etc. | Islamabad |
| Name of publisher, distributor, etc. | National University of Modern Languages |
| Date of publication, distribution, etc. | 2022 |
| 300 ## - PHYSICAL DESCRIPTION | |
| Extent | 149p |
| 563 ## - BINDING INFORMATION | |
| Binding note | H.B |
| 942 ## - ADDED ENTRY ELEMENTS (KOHA) | |
| Source of classification or shelving scheme | |
| Koha item type | Book |
| Withdrawn status | Lost status | Source of classification or shelving scheme | Damaged status | Not for loan | Permanent Location | Current Location | Date acquired | Total Checkouts | Full call number | Barcode | Date last seen | Price effective from | Koha item type |
|---|---|---|---|---|---|---|---|---|---|---|---|---|---|
| Central Library (CL) | Central Library (CL) | 05/24/2023 | 891.4393 JAM | CL-D-2291 | 05/24/2023 | 05/24/2023 | Book |
